000 00569nam a2200217Ia 4500
003 OSt
005 20221002055046.0
006 a|||||r|||| 00| 0
007 ta
008 220930b |||||||| |||| 00| 0 eng d
024 _a71775
037 _cReference Collections
040 _aCRL
_cCRL
_beng
041 _2eng
_aeng
082 _aQ4:33w, F6(RR)
100 _aCarr Sir E Denison Au.
_9576700
245 0 _aLitht of Asia
260 _c1926
942 _hQ4:33w, F6(RR)
_cref
_2CC
999 _c926647
_d926647